00872cam a2200265 a 450000100100000000500170001000800410002702000150006804000230008308200240010610000360013024500590016625000120022526000370023730000210027449000270029565000280032265000310035083000330038191000340041491000070044804900090045595201270046499900150059100000808220200929154426.0791204s1994 sp 000 f spa d a8432230073 aDO-SdBNPcDLCdDLC a863.64bM539m, 19941 aMendoza, Eduardo,d1943-92198613aEl misterio de la cripta embrujada /cEduardo Mendoza. a13a ed. aBarcelona :bSeix Barral,c1994. a178 p. ;c20 cm.0 aBiblioteca de bolsillo 4aNovela española91123 4aLiteratura española9632 0aBiblioteca de bolsillo95816 aCatalogación por copia / LC aWM aBNGR 001054708MOaGRbGRcHDd2009-09-14iLF1l0o863.64 M539m, 1994p8082-10r2020-06-25w2020-06-25y4ZPréstamo en sala c7859d7859